000 01269nam a22003617a 4500
001 BR0602512
003 BR-BrBNA
005 20230928102152.0
007 ta
008 230509b bl.||||| |||| 00| 0 por d
040 _aBR-BrBNA
_bpor
_cBiblioteca Nacional de Agricultura
041 _a(Por)
072 _aL53; L10
_b5213
_b3580
090 _ 5213 BR0602512
100 1 _aSalvador, D.F.
110 1 _aUniversidade Federal de Minas Gerais, Belo Horizonte (Brasil). Escola de Veterinária
_0Tese (Doutor em Ciência Animal)
245 1 _aPerfis cromatográfico e eletroforético de proteínas com afinidade a heparina do sêmen de touros jovens da raça Nelore e suas associações com a seleção andrológica, congelação do sêmen e reação acrossômica induzida (RAI)
260 3 _aBelo Horizonte, MG (Brasil):
_c2005.
300 _a57 p.
500 _aSummaries (Eng, Por); Bibliography p. 52-57; 27 tables; 9 illus.
650 _aGADO NELORE
650 _aREPRODUÇÃO ANIMAL
650 _aTOURO
650 _aSÊMEN
650 _aANÁLISE
650 _aCONGELAMENTO
650 _aHEPARINA
650 _aFERTILIDADE ANIMAL
650 _aCROMATOGRAFIA
650 _aELETROFORESE
909 _a202309
_bLucia
_c55
_dLucia Elande
942 _cBK
999 _c69469
_d69469